000 00714cab a2200217 4500
001 WB3220-41
008 090401t1996 xxu||||| |||| 00| 0 eng d
035 _a(Sirsi) u8341
041 _aeng
245 _aProviding homes through company
260 _c1996
350 _a0
490 _aTimes
_v20 May 1996, 33(1)
520 _a"Credit Suisse and another v Waltham Forest LBC" CA 8 May 1996. A housing authority is not entitled to provide its statutory housing responsibilities through a partly owned company.
650 _aCREDIT SUISSE AND ANOTHER V WALTHAM FOREST LBC
650 _aHOMELESS PEOPLE
650 _aHOUSING AUTHORITIES
690 _aHOUSING-CASE LAW
942 _n0
948 _c04/03/1997
999 _c5123
_d5123